¿Qué es la ciencia? /

I tiakina i:
Ngā taipitopito rārangi puna kōrero
Kaituhi matua: Ziman, John M. (autor)
Hōputu: Pukapuka
Reo:Pāniora
I whakaputaina: Madrid, España : Cambridge University, 2003, c2003
Ngā marau:
Ngā Tūtohu: Tāpirihia he Tūtohu
Kāore He Tūtohu, Me noho koe te mea tuatahi ki te tūtohu i tēnei pūkete!

MARC

LEADER 00000nam^a2200000^a^4500
001 000183496
005 20260409172416.0
009 20260409192246.738
020 |a 84-8323-298-7 
037 |a Acervo ITESO - Biblioteca 
041 |a ESP 
082 |a 121.  |b ZIM 
100 |a Ziman, John M.  |e (autor) 
245 1 0 |a ¿Qué es la ciencia? /  |c J.M. Ziman ; tr. por Eulalia Pérez Sedeño, Nuria Galicia Pérez. 
264 4 |a Madrid, España :  |b Cambridge University,  |c 2003, c2003 
300 |a 384 p. 
336 |a texto  |b txt  |2 rdacontenido 
337 |a sin mediación  |b n  |2 rdamedio 
338 |a volumen  |b nc  |2 rdasoporte 
500 |a Traducción de: Real Science: What It Is, and What It Means 
521 |a 2026 BO Maestría en Filosofía y Ciencias Sociales 
649 |a XX 
650 |a Objetividad y Subjetividad en la Ciencia 
650 |a Metodología 
650 |a Escepticismo 
650 |a Método Científico -  |x Filosofía 
650 |a Epistemología -  |x Tema Principal 
650 |a Ciencia -  |x Teoría -  |x Tema Principal 
650 |a Filosofía del Conocimiento 
910 |a Fondo General 
920 |a Impresos - Libros 
930 |a Colección General 
905 |a 101 
901 |a 0500124008  |b IT1  |c ACC  |u 20250521 
902 |a https://opac.biblio.iteso.mx/vufind/Record/000183496